000 01290nam0a22002771 4500
001 rc\838598
005 20260406184520.0
035 _a(NLR Aleph) 006020216
090 _a7420026
_c7420026
100 _a20041129d1984 |||y0rusy50 ca
101 0 _arus
102 _aRU
105 _ay |||||||||
200 1 _aМарксистско-ленинская философия
_eУчеб.-метод. пособие по диалект. и ист. материализму
_f[Сюсюкалов Б.И., Сидоров М.М., Никитин И.П. и др.
_gПод ред. Б.И. Сюсюкалова, Л.А. Яковлевой]
205 _a2-е изд.
210 _aМ.
_cМысль
_d1984
215 _a367 с.
_d20
300 _aАвт. указаны на 3-й с.
300 _aВ надзаг.: Акад. обществ. наук при ЦК КПСС, Учеб.-метод. отд. высш. парт. шк.
701 1 _aСюсюкалов
_bБ.И.
_gБорис Иванович
712 0 2 _aАкадемия общественных наук
_cМосква
_bУчеб. метод. отдел высших партийных школ
_3RU\NLR\AUTH\889949882
_9395495
801 0 _aRU
_bNLR
_gpsbo
801 1 _aRU
_bELAR
_2rusmarc
852 _aNLR
_j84-3/10231
942 _cBOOK
980 _aNB